=LDR 00000nam 2200000 4500 =001 INLIS000000000004906 =005 20130612093156 =008 ***********************************Ind** =035 ##$$0010-061300000004906 =041 ##$$a Ind =082 ##$$a 797.3 =090 ##$$a 797.3, Ful s =100 ##$$a FULLER, Graeme =245 ##$$a Selancar angin, Graeme Fuller; Penyadur, Dian Praty R =260 ##$$a 1996 $b Semarang =300 ##$$a vi, 134 hlm., ilus., 21 cm =650 ##$$a Olahraga - Selancar Angin =700 ##$$a PRATY R. Dian =850 ##$$a NBPNMAT